[Event "Coventry op"]
[Site "Coventry"]
[Date "2023.02.19"]
[Round "4"]
[White "Eedle, Eric F"]
[Black "Dewangan, Aayush"]
[Result "1-0"]
[WhiteElo "1711"]
[BlackElo "1603"]
[PlyCount "95"]
[EventDate "2023.02.18"]
[EventType "swiss"]
[EventRounds "5"]
[EventCountry "ENG"]
[SourceTitle "CBM 212 Extra"]
[Source "ChessBase"]
[SourceDate "2023.03.31"]
[SourceVersion "1"]
[SourceVersionDate "2023.03.31"]
[SourceQuality "1"]

1. d4 Nf6 2. c4 g6 3. f3 d5 4. cxd5 Nxd5 5. e4 Nb6 6. Nc3 Bg7 7. Be3 0-0 8. Qd2 Nc6 9. 0-0-0 Qd6 10. Nb5 Qd7 11. Kb1 Rd8 12. d5 a6 13. dxc6 Qxd2 14. Rxd2 Rxd2 15. Bxd2 axb5 16. cxb7 Bxb7 17. Bxb5 Rd8 18. Be3 Rd1+ 19. Kc2 Ra1 20. a3 Ra2 21. Bc1 Ra1 22. Ne2 c6 23. Bd3 c5 24. Bb5 Nc8 25. Rd1 Nd6 26. Ba4 h5 27. Nc3 f5 28. Nd5 Bf8 29. e5 Nf7 30. f4 Nh6 31. Bb3 Kg7 32. h3 Nf7 33. Nc7 Nh8 34. Ne6+ Kh6 35. Nxf8 Bxg2 36. Rd7 Kg7 37. Ne6+ Kf7 38. Rd8 g5 39. Nxg5+ Kg7 40. Rg8+ Kh6 41. Rxh8+ Kg7 42. Rg8+ Kh6 43. Nf7+ Kh7 44. Rxg2 c4 45. Bxc4 e6 46. Bxe6 Rxc1+ 47. Kxc1 h4 48. Bxf5# 1-0

[Event "Guernsey op 46th"]
[Site "St James"]
[Date "2022.10.22"]
[Round "7"]
[White "Hoogakker, Peter"]
[Black "Eedle, Eric F"]
[Result "1-0"]
[WhiteElo "1846"]
[BlackElo "1677"]
[PlyCount "85"]
[EventDate "2022.10.16"]
[EventType "swiss"]
[EventRounds "7"]
[EventCountry "GCI"]
[SourceTitle "EXT 2024"]
[Source "ChessBase"]
[SourceDate "2023.10.10"]
[SourceVersion "1"]
[SourceVersionDate "2023.10.10"]
[SourceQuality "1"]

1. e4 c5 2. Nf3 Nc6 3. c3 Nf6 4. Qc2 e5 5. Bc4 Be7 6. a3 0-0 7. 0-0 d6 8. d3 h6 9. Nbd2 a6 10. Re1 Be6 11. b4 Bxc4 12. Nxc4 b5 13. Ne3 cxb4 14. axb4 d5 15. Nf5 d4 16. Nxe7+ Qxe7 17. cxd4 Nxd4 18. Nxd4 exd4 19. Bd2 Rfc8 20. Qb2 Qd7 21. Rec1 Rxc1+ 22. Rxc1 Rd8 23. Rc5 Qe6 24. h3 Kh7 25. Bf4 Qe7 26. Qa2 g5 27. Bg3 Qe6 28. Qxe6 fxe6 29. Rc6 Nh5 30. Be5 a5 31. bxa5 Ra8 32. a6 Nf4 33. Rc7+ Kg6 34. a7 b4 35. Kf1 Nxd3 36. Bxd4 e5 37. Be3 b3 38. Rb7 b2 39. Rb8 Kf7 40. Ke2 Nf4+ 41. Kd2 Nxg2 42. Bc5 Nf4 43. Kc2 1-0

[Event "Hammersmith CC op"]
[Site "London"]
[Date "2022.06.05"]
[Round "4"]
[White "Eedle, Eric F"]
[Black "Kelmendi, Bajrush"]
[Result "0-1"]
[WhiteElo "1883"]
[BlackElo "2061"]
[PlyCount "96"]
[EventDate "2022.06.04"]
[EventType "swiss"]
[EventRounds "6"]
[EventCountry "ENG"]
[SourceTitle "CBM 208 Extra"]
[Source "ChessBase"]
[SourceDate "2022.07.31"]
[SourceVersion "1"]
[SourceVersionDate "2022.07.31"]
[SourceQuality "1"]

1. d4 g6 2. c4 Bg7 3. Nc3 b6 4. e4 Bb7 5. Be3 e6 6. Qd2 h6 7. 0-0-0 d5 8. cxd5 exd5 9. e5 Ne7 10. h4 Nd7 11. h5 g5 12. f4 Nf5 13. Nge2 a6 14. g4 Nxe3 15. Qxe3 Qe7 16. Bg2 c6 17. Kb1 0-0-0 18. Ng3 Qe6 19. Nf5 gxf4 20. Qxf4 Bf8 21. Rhe1 Kb8 22. Ne2 Ka7 23. Qd2 Nb8 24. Nf4 Qd7 25. Re3 a5 26. a3 Qc7 27. Rc3 Qd7 28. Re1 Re8 29. Rce3 Bc8 30. b4 Qc7 31. b5 Bxf5+ 32. gxf5 Qd7 33. e6 fxe6 34. bxc6 Qxc6 35. Bxd5 exd5 36. Rxe8 Bb4 37. axb4 Rxe8 38. Rxe8 Qxe8 39. bxa5 Qb5+ 40. Kc1 bxa5 41. Ne6 Qf1+ 42. Kb2 Nc6 43. Qc2 Qb5+ 44. Qb3 Nb4 45. Ka3 Qf1 46. Qc3 Na6 47. Nc5 Nb4 48. Nb3 Na6 0-1

[Event "Reykjavik Kvika op"]
[Site "Reykjavik"]
[Date "2022.04.11"]
[Round "8"]
[White "Eedle, Eric F"]
[Black "Rice, Christopher"]
[Result "1/2-1/2"]
[WhiteElo "1559"]
[BlackElo "1989"]
[PlyCount "115"]
[EventDate "2022.04.06"]
[EventType "swiss"]
[EventRounds "9"]
[EventCountry "ISL"]
[SourceTitle "CBM 207 Extra"]
[Source "ChessBase"]
[SourceDate "2022.05.31"]
[SourceVersion "1"]
[SourceVersionDate "2022.05.31"]
[SourceQuality "1"]

1. d4 Nf6 2. c4 g6 3. f3 Bg7 4. e4 d6 5. Nc3 0-0 6. Bg5 Nc6 7. Nge2 a6 8. Qd2 Na5 9. Nc1 Nc6 10. Be2 Rb8 11. d5 Ne5 12. 0-0 c6 13. a4 Qa5 14. Kh1 Re8 15. f4 Ned7 16. Nb3 Qb6 17. Ra3 cxd5 18. cxd5 e6 19. a5 Qb4 20. Qc2 Nc5 21. Nxc5 Qxc5 22. dxe6 Bxe6 23. Qd2 Bc4 24. Bxf6 Bxf6 25. Rc1 Bxe2 26. Nxe2 Qb5 27. Nc3 Qb4 28. h3 Rbc8 29. Rca1 Bxc3 30. bxc3 Qxe4 31. Qxd6 Rcd8 32. Qc7 Rd2 33. Rg1 Rd3 34. Kh2 Red8 35. Rb3 R8d7 36. Qb8+ Kg7 37. Rgb1 R3d6 38. Rb4 Qf5 39. Qe8 Qxa5 40. Rxb7 Rxb7 41. Rxb7 Qf5 42. Rb4 Re6 43. Qa8 Qd3 44. Qc8 Qe3 45. Qc4 h5 46. Qd4+ Qxd4 47. Rxd4 Kf6 48. Rd7 Rc6 49. Ra7 h4 50. Kg1 Rxc3 51. Rxa6+ Kf5 52. Kf2 Rc4 53. g4+ hxg3+ 54. Kxg3 Rc3+ 55. Kg2 Rd3 56. Ra7 f6 57. Ra6 Re3 58. Rb6 1/2-1/2

[Event "Reykjavik Kvika op"]
[Site "Reykjavik"]
[Date "2022.04.10"]
[Round "6"]
[White "Collins, Adam"]
[Black "Eedle, Eric F"]
[Result "1/2-1/2"]
[WhiteElo "2039"]
[BlackElo "1559"]
[PlyCount "84"]
[EventDate "2022.04.06"]
[EventType "swiss"]
[EventRounds "9"]
[EventCountry "ISL"]
[SourceTitle "CBM 207 Extra"]
[Source "ChessBase"]
[SourceDate "2022.05.31"]
[SourceVersion "1"]
[SourceVersionDate "2022.05.31"]
[SourceQuality "1"]

1. e4 c5 2. c3 Nf6 3. e5 Nd5 4. d4 cxd4 5. Nf3 Nc6 6. cxd4 d6 7. Bc4 Nb6 8. Bb5 Bd7 9. exd6 e6 10. 0-0 Bxd6 11. Nc3 0-0 12. Re1 Nb4 13. Bd3 Nxd3 14. Qxd3 f6 15. Ne4 Bc6 16. Bd2 Bd5 17. Rac1 Qd7 18. h4 Rac8 19. h5 Rxc1 20. Rxc1 Rc8 21. Rxc8+ Nxc8 22. h6 Bxe4 23. Qxe4 Ne7 24. hxg7 Kxg7 25. Qg4+ Kh8 26. Qh4 Nd5 27. Qe4 Kg7 28. g4 Bc7 29. g5 f5 30. Qh4 Qf7 31. Qh6+ Kg8 32. Nh4 Nf4 33. Bb4 Bd8 34. Nf3 Qg7 35. Qxg7+ Kxg7 36. Bd2 Nd5 37. Ne5 f4 38. Kg2 Bxg5 39. Kf3 h5 40. Nd3 Kf6 41. Ke4 Bh6 42. Bc1 Bg5 1/2-1/2

[Event "Reykjavik Kvika op"]
[Site "Reykjavik"]
[Date "2022.04.07"]
[Round "2"]
[White "Green, Per"]
[Black "Eedle, Eric F"]
[Result "1/2-1/2"]
[WhiteElo "1946"]
[BlackElo "1559"]
[PlyCount "75"]
[EventDate "2022.04.06"]
[EventType "swiss"]
[EventRounds "9"]
[EventCountry "ISL"]
[SourceTitle "CBM 207 Extra"]
[Source "ChessBase"]
[SourceDate "2022.05.31"]
[SourceVersion "1"]
[SourceVersionDate "2022.05.31"]
[SourceQuality "1"]

1. c4 c5 2. g3 Nc6 3. Bg2 g6 4. Nc3 Bg7 5. Nf3 e5 6. a3 Nge7 7. 0-0 0-0 8. Rb1 d6 9. b4 f5 10. Ne1 e4 11. Nc2 Be6 12. Ne3 b6 13. Ncd5 Rc8 14. Bb2 Ne5 15. d3 Bxd5 16. cxd5 exd3 17. exd3 cxb4 18. axb4 Qd7 19. f4 Ng4 20. Nxg4 fxg4 21. Bxg7 Kxg7 22. Re1 h5 23. Re6 Nf5 24. Qd2 Rfe8 25. Qb2+ Kh7 26. Rbe1 Ng7 27. Rxe8 Rxe8 28. Be4 Nf5 29. Rc1 Rc8 30. Qa3 Rxc1+ 31. Qxc1 Qg7 32. Kg2 Kh6 33. h3 Qd4 34. hxg4 Ne3+ 35. Kf3 hxg4+ 36. Ke2 Nf5 37. Bxf5 gxf5 38. Qc4 1/2-1/2

[Event "BCF-chT4S 1819 (4NCL)"]
[Site "England"]
[Date "2019.02.10"]
[Round "6.141"]
[White "Eckert, Jonathan"]
[Black "Eedle, Eric F"]
[Result "1-0"]
[WhiteElo "1681"]
[BlackElo "1570"]
[PlyCount "57"]
[EventDate "2018.11.17"]
[EventType "team-swiss"]
[EventRounds "11"]
[EventCountry "ENG"]
[SourceTitle "EXT 2021"]
[Source "ChessBase"]
[SourceDate "2020.10.23"]
[SourceVersion "1"]
[SourceVersionDate "2020.10.23"]
[SourceQuality "1"]
[WhiteTeam "West is Best IV"]
[BlackTeam "Barnet Knights III"]
[WhiteTeamCountry "ENG"]
[BlackTeamCountry "ENG"]

1. e4 e6 2. d3 d5 3. Nd2 Nf6 4. Ngf3 c5 5. g3 Nc6 6. Bg2 Be7 7. 0-0 0-0 8. e5 Nd7 9. Re1 Qc7 10. Qe2 Re8 11. Nf1 Bf8 12. Bf4 b5 13. h4 h5 14. c4 bxc4 15. dxc4 d4 16. Ng5 g6 17. g4 hxg4 18. Qxg4 Bg7 19. Bxc6 Qxc6 20. h5 Bb7 21. Ne4 Nxe5 22. Bxe5 Bxe5 23. hxg6 f5 24. Qh3 Re7 25. Ng5 Bf6 26. Rxe6 Qg2+ 27. Qxg2 Bxg2 28. Rxf6 Bxf1 29. Kxf1 1-0